National Soccer Team Names - Statistics

General Stats
  • This quiz has been taken 614 times
    467 since last reset
  • The average score is 13 of 26
Answer Stats
Nickname Translation Country % Correct
The Three Lions England
88%
Socceroos Australia
83%
Oranje The Orange Netherlands
82%
Les Bleus The Blues France
75%
Azzurri The Blues Italy
70%
Les Éléphants The Elephants Côte d'Ivoire
64%
La Furia Roja The Red Fury Spain
64%
Reggae Boyz Jamaica
60%
Les Diables Rouges The Red Devils Belgium
52%
Usood Al-Rafidain The Lions of Mesopotamia Iraq
52%
La H The Letter H Honduras
50%
Super Eagles Nigeria
47%
Los Cafeteros The Coffee Growers Colombia
46%
Black Stars Ghana
45%
El Tri Tricolor Mexico
44%
All Whites New Zealand
40%
Selecção das Quinas National Team of The Quinas Portugal
40%
Blågult The Blue-Yellow Sweden
39%
Los Gauchos The Cowboys Argentina
37%
Wunderteam Austria
35%
Lions Indomptables Indomitable Lions Cameroon
34%
Les Fennecs The Desert Foxes Algeria
33%
Los Ticos Costa Rica
30%
The Tartan Terriers Scotland
30%
Auriverde Gold and Green Brazil
25%
To Piratiko The Pirate Ship Greece
17%
No matching quizzes found
Score Distribution
Percent of People with Each Score
Percentile by Number Answered
Your Score History
You have not taken this quiz since the last reset